Províncias/Estados da Argentina - Statistics

Estatísticas Gerais
  • Esse quiz foi jogado 691 vezes
  • A pontuação média é 15 de 24
Estatísticas das Respostas
Província Capital % Correto
Buenos Aires La Plata
98%
Córdoba Córdoba
83%
Mendoza Mendoza
77%
Corrientes Corrientes
75%
Santa Fé Santa Fé
75%
Tucumán San Miguel de Tucumán
71%
Jujuy San Salvador de Jujuy
69%
Salta Salta
68%
San Juan San Juan
68%
San Luis San Luis
67%
Terra do Fogo Ushuaia
67%
Neuquén Neuquén
66%
Formosa Formosa
65%
La Rioja La Rioja
62%
Catamarca San Firmado del Valle de Catamarca
59%
Entre Rios Paraná
55%
Santiago del Estero Santiago del Estero
54%
Misiones Posadas
50%
Rio Negro Viedma
45%
Chaco Resistencia
43%
Chubut Rawson
43%
La Pampa Santa Rosa
40%
Santa Cruz Río Gallegos
38%
Ciudad Autónoma de Buenos Aires Buenos Aires
28%
Nenhum quiz correspondente encontrado
Distribuição das Pontuações
Porcentagem de Pessoas com Cada Pontuação
Percentil de Números Respondidos
Sua Pontuação Histórica
Você não jogou esse quiz